000 00676nam a22002057a 4500
003 OSt
005 20201019152216.0
008 201019b 1990 dr 00| 0 eng d
040 _aDO-SdBNP
_bspa
_cBNPHU
100 1 _aRuiz Tejada, Manuel Ramón.
_910316
245 1 0 _aEstudio sobre la propiedad inmobiliaria en la República Dominicana /
_cManuel Ramón Ruiz Tejada.
250 _a2a ed.
260 _aSanto Domingo :
_bTaller,
_c1990.
300 _a446 p. ;
_c22 cm.
490 1 _aBiblioteca Taller
_v281.
590 _aPerteneció a la biblioteca personal de Juan Isidro Jimenes Grullón
830 _9818
830 0 _aBiblioteca Taller, 281.
_976961
942 _2ddc
_cLBS1
999 _c48921
_d48921